| 000 | 01166cam a22003015a 4500 | ||
|---|---|---|---|
| 999 |
_c27218 _d27189 |
||
| 001 | 18699875 | ||
| 005 | 20190307122008.0 | ||
| 008 | 150714s2015 ncu frb 001 0 eng d | ||
| 010 | _a 2015946722 | ||
| 020 | _a9781611637212 | ||
| 020 | _a161163721X | ||
| 040 |
_aDLC _beng _cDLC _dEG-ScBUE |
||
| 082 | 0 | 4 |
_a340.1 _bBIX _222 |
| 100 | 1 | _aBix, Brian. | |
| 245 | 1 | 0 |
_aJurisprudence : _btheory and context / _cBrian Bix. |
| 250 | _a7th ed. | ||
| 260 |
_aDurham, North Carolina : _bCarolina Academic Press, _cc.2015. |
||
| 300 |
_axx, 343 p. ; _c22 cm. |
||
| 500 | _aThis edition of Jurisprudence : Theory and Context, 6th edition is published by arrangement with sweet & Maxwell part of Thomson Reuters (Professional) UK Limited, London. | ||
| 504 | _aIncludes bibliographical references (pages 293-331) and index. | ||
| 505 | 0 | _aLegal theory : problems and possibilities -- Individual theories about the nature of law -- Themes and principles -- Modern perspectives on legal theories. | |
| 650 | 7 |
_aJurisprudence. _2BUEsh |
|
| 650 | 7 |
_aLaw _xPhilosophy. _2BUEsh |
|
| 651 | _2BUEsh | ||
| 653 |
_bLLAAWW _cMarch2019 |
||
| 655 | _vText book | ||
| 942 | _2ddc | ||